00556nam a2200193Ia 4500003000900000008004100009040001300050040001300063041000900076100002100085245003400106250001300140260001100153260000900164300001100173300001000184490000600194600016200200IT-RoPAU120407s9999 xx 000 0 und d aIT-RoPAU cIT-RoPAU alat  aChristianus Pesh aDe inspiratione S. Scripturae aFriburgi aHerder c1925 a653 p. c24 cm v1 a"Spplementum. Friburgi, Herder 1926. 91 p. 24 cm. 220.2 11"